000 00936nam a2200265 i 4500
003 DO-SdBNP
005 20260216074254.0
007 ta
008 210903b2018 dr a|||| |||| 00| 0 spa d
020 _a9789945802665
040 _aDO-SdBNP
_bspa
_cBNPHU
_erda
041 _aspa
082 4 _axxx
_bxxx
_222
100 1 _aBlanchard, Juan Lulio,
_eautor
_4aut.
_943061
245 1 3 _a La Joya del ayer :
_bbreves notas históricas y anecdóticas /
_cJuan Lulio Blanchard.
264 1 _aSanto Domingo :
_bFaster Printing,
_c2018.
300 _a319 páginas :
_bilustraciones, retratos ;
_c23 cm.
336 _atexto
_btxt
_2rdacontent
337 _asin mediación
_bn
_2rdamedia
338 _avolumen
_bnc
_2rdacarrier
500 _aIncluye datos biográficos del autor en la solapa de la contracubierta.
590 _aInventariado, 2021 /LP
590 _aLa biblioteca posee 1 ejemplar autografiado por el autor
942 _2ddc
_cLBS1
999 _c50400
_d50400